Die 10 größten Städte- Arizona - Statistiken

Allgemein
  • Dieses Quiz wurde 39 mal gespielt
  • Das Durchschnittsergebnis liegt bei 5 aus 10
Antwortstatistiken
Einwohnerzahl Stadt % Korrekt
1.624.569 Phoenix
97%
543.242 Tucson
76%
509.475 Mesa
67%
249.630 Glendale
52%
279.458 Chandler
48%
273.136 Gilbert
42%
242.753 Scottsdale
42%
184.118 Tempe
30%
149.191 Surprise
9%
194.917 Peoria
6%
Keine übereinstimmenden Quizze gefunden
Verteilung der Resultate
Anzahl Personen mit jedem Resultat
Perzentil nach korrekt beantworteten Fragen
Ihre Resultats-Entwicklung
Sie haben dieses Quiz noch nicht gespielt